000
00330nam a22001457a 4500
008
210301b ||||| |||| 00| 0 eng d
020
_a
9780521637220
041
_a
eng
080
_2
2nd
_a
038
082
_a
038
100
_a
23
101
_a
FJA
245
_a
The Cambridge Dictionary of Philosophy
_c
Audi, R
942
_2
udc
_c
BK
999
_c
55424
_d
55424